000 00951cam a22002775a 4500
999 _c1464
_d1464
003 EG-ScBUE
005 20200226102540.0
008 190120s2005 enka f 000 0 eng d
020 _a1405058455
020 _a9781405058452
040 _aEG-ScBUE
_beng
_erda
_cEG-ScBUE
_dEG-ScBUE
082 0 4 _a808.042
_bZEM
_222
100 1 _aZemach, Dorothy E.,
_eauthor.
_95667
245 1 0 _aParagraph writing :
_cfrom sentence to paragraph /
_bDorothy E. Zemach, Carlos Islam.
264 1 _aOxford :
_bMacmillan Education,
_c2005.
300 _av, 107 pages :
_bcolor illustrations ;
_c28 cm
336 _2rdacontent
_atext
_btxt
337 _2rdamedia
_aunmediated
_bn
338 _2rdacarrier
_avolume
_bnc
650 7 _aEnglish language
_xComposition and exercises.
_2BUEsh
650 7 _aEnglish language
_xParagraphs.
_2BUEsh
_936023
653 _bHHUUEENN
_cJanuary2019
655 _vReading book
_934232
700 1 _aIslam, Carlos‏.
_941963
942 _2ddc
_cBB